header

Developing the ICT capable school (Record no. 16146)

MARC details
000 -LEADER
fixed length control field 01304nam a2200337Ia 4500
100 1# - MAIN ENTRY--AUTHOR NAME
Personal name Kennewell, Steve,
245 10 - TITLE STATEMENT
Title Developing the ICT capable school
260 ## - PUBLICATION, DISTRIBUTION, ETC. (IMPRINT)
Place of publication London ;
-- New York :
Name of publisher RoutledgeFalmer,
Year of publication 2000.
300 ## - PHYSICAL DESCRIPTION
Number of Pages 186 p. :
Other physical details ill.
650 #0 - SUBJECT ADDED ENTRY--TOPICAL TERM
Topical Term Computer-assisted instruction.
Topical Term Information technology.
Topical Term Educational innovations.
700 1# - ADDED ENTRY--PERSONAL NAME
Personal name Parkinson, John,
Personal name Tanner, Howard,
856 40 - ELECTRONIC LOCATION AND ACCESS
Uniform Resource Identifier http://site.ebrary.com/lib/rucke/Doc?id=5001337

No items available.

© 2026 Rongo University
Contact us: librarian | system librarian | Rongo university